Sports Quiz

Random Sports or Basketball Quiz

Golden State Warriors All-Time Leaders Quiz Stats

 Plays Quiz Updated May 17, 2018

Challenge
Share
Tweet
Embed
Score 0/50 Timer 06:00
19 Plays Today
% Correct
Stephen Curry
98.8%
Stephen Curry
98.8%
Stephen Curry
84.6%
Wilt Chamberlain
74.8%
Wilt Chamberlain
74.8%
Chris Mullin
73.4%
Chris Mullin
73.4%
Chris Mullin
73.3%
Chris Mullin
73.3%
Rick Barry
65.7%
Rick Barry
65.6%
Rick Barry
65.6%
Rick Barry
65.6%
Tim Hardaway
64.5%
Tim Hardaway
62.6%
Draymond Green
55.2%
Draymond Green
52.2%
Monta Ellis
46.6%
Clyde Lee
40.2%
Al Attles
37.2%
Nate Thurmond
34.6%
Nate Thurmond
34.6%
Nate Thurmond
34.6%
Larry Smith
32.5%
George Johnson
30.9%
% Correct
Latrell Sprewell
28.6%
Paul Arizin
21.9%
Paul Arizin
21.9%
Manute Bol
21.6%
Joe Barry Carroll
20.5%
Joe Barry Carroll
20.5%
Andris Biedrins
17.9%
Sleepy Floyd
16.1%
Sleepy Floyd
15.1%
Adonal Foyle
14.8%
Draymond Green
14.6%
Purvis Short
12.8%
Purvis Short
12.8%
Erick Dampier
12.2%
Jeff Mullins
11%
Jeff Mullins
11%
Robert Parish
11%
Neil Johnston
10.7%
Neil Johnston
10.7%
Guy Rodgers
10.2%
Clifford Ray
8.7%
Clifford Ray
8.7%
Tom Gola
7.1%
Sonny Parker
4.8%
Joe Graboski
2.7%

You're not logged in!

Compare scores with friends on all Sporcle quizzes.
OR
Log In

You Might Also Like...

Show Comments

Extras

Top Quizzes Today


Score Distribution

Your Account Isn't Verified!

In order to create a playlist on Sporcle, you need to verify the email address you used during registration. Go to your Sporcle Settings to finish the process.

Report this User

Report this user for behavior that violates our Community Guidelines.

Details: